000 00222nam a22000857a 4500
008 160701b xxu||||| |||| 00| 0 eng d
100 _91739
_a Devi, S
245 _aBook of Numbers
260 _aNew Delhi
_bOrient Publication
_c2005
999 _c1445
_d1445